| 000 | 00489nam a2200181Ia 4500 | ||
|---|---|---|---|
| 003 | SGT | ||
| 020 | _a8175567503 | ||
| 082 |
_a536.1 _bSIN |
||
| 100 | _aSinghal,S.S | ||
| 245 | _aHeat thermodynamics and ststistical physics | ||
| 260 |
_bPragati Prakashan _aN.Delhi _c2005 |
||
| 300 | _a615p. | ||
| 650 | _aPHYSICS | ||
| 653 | _aHEAT,THEORIES BASIC CONCEPTS AND FIRST LAW OF THERMODYNAMICS KINETIC THEORY OF GASES | ||
| 700 | _aAgarwal,J.P | ||
| 700 | _aSatyaprakash | ||
| 942 |
_2ddc _cBK |
||
| 999 |
_c5375 _d5375 |
||